| 000 | 00629nam a2200181Ia 4500 | ||
|---|---|---|---|
| 003 | IN-BaIIA | ||
| 008 | 211028s9999 xx 000 0 eng d | ||
| 040 | _cIIA Library | ||
| 080 |
_a517.91 _bERU |
||
| 100 |
_aErugin, Nikolay P. _95129 |
||
| 245 | 0 |
_aLinear systems of ordinary differential equations _bwith periodic and quasi-periodic coeffecients _cNikolay P. Erugin |
|
| 260 |
_aNew York _bAcademic Press _c1966 |
||
| 300 | _axxi, 271p. | ||
| 490 | _aMathematics in science and engineering; v. 28 | ||
| 650 |
_aDifferential equations _91510 |
||
| 650 | _aNASA Thesaurus | ||
| 942 | _cBK | ||
| 999 |
_c2871 _d2871 |
||